عرض عادي عرض مارك
  • PUNTAMBEKAR, A.A

مدخل إسم شخص

عدد التسجيلات المستخدمة في: 2

001 - رقم الضبط

  • حقل الضبط: 37513

003 - معرف رقم الضبط

  • حقل الضبط: OSt

005 - تاريخ ووقت أخر عملية

  • حقل الضبط: 20131007203707.0

008 - عناصر بيانات ثابتة الطول

  • حقل تحكم ثابت الطول: 131007|||a|||||| | ||| d

040 ## - مصدر الفهرسة

  • هيئة الفهرسة الأصلية: OSt
  • وكالة الكتابة: OSt

100 ## - مدخل -- أسم شخص

  • إسم شخص: PUNTAMBEKAR, A.A

670 ## - بيانات المصدر موجوده

  • الاستشهاد بالمصدر: Work cat.: (OSt): PUNTAMBEKAR, A.A, Theory of automata & formal languages /, 2011